000 00677cam a22001934a 4500
020 _a0324066694 (Text and CD)
020 _a0324111703 (Text only)
020 _a0324067607 (CD only)
050 0 0 _aHF5635
_b.S61 2002
245 0 0 _aAccounting concepts & applications /
_cW. Steve Albrecht ... [et al.].
250 _a8th ed.
260 _aCincinnati, Ohio [USA] :
_bSouth-Western,
_cc2002.
300 _a1 v. (various pagings):
500 _aRev. ed. of: Accounting concepts and applications / K. Fred Skousen, W. Steve Albrecht, James D. Stice. 5th ed. c1996.
650 _xAccounting.
700 1 _aAlbrecht, W. Steve.
700 1 _aSkousen, K. Fred.
942 _2lcc
_cGEN
999 _c8929
_d8929